ARRUPE JESUIT UNIVERSITY

CORONAVIRUS -STOP THE SPREAD - CLEAN,DISINFECT,COVER

The ministerial priesthood ; and, Justice in the world / (Record no. 124706)

MARC details
000 -LEADER
fixed length control field 00727cam a2200241ua 4500
001 - CONTROL NUMBER
control field 4421126
003 - CONTROL NUMBER IDENTIFIER
control field ARRUPE
005 - DATE AND TIME OF LATEST TRANSACTION
control field 20160428114534.0
008 - FIXED-LENGTH DATA ELEMENTS--GENERAL INFORMATION
fixed length control field 840531r19821972dcu 000 0 eng d
035 ## - SYSTEM CONTROL NUMBER
System control number (OCoLC)18027104
035 ## - SYSTEM CONTROL NUMBER
System control number (OCoLC)ocm18027104
035 ## - SYSTEM CONTROL NUMBER
System control number (NNC)4421126
040 ## - CATALOGING SOURCE
Original cataloging agency *CMM*
Transcribing agency *CMM*
Modifying agency NNUT
-- CStRLIN
090 ## - LOCALLY ASSIGNED LC-TYPE CALL NUMBER (OCLC); LOCAL CALL NUMBER (OCLC)
Classification number (OCLC) (R) ; Classification number, CALL (RLIN) (NR) BX1913
Local cutter number (OCLC) ; Book number/undivided call number, CALL (RLIN) .C3635 1971
300 ## - PHYSICAL DESCRIPTION
Dimensions 22 cm.
100 ## - MAIN ENTRY--PERSONAL NAME
Personal name Synod of Bishops
9 (RLIN) 24236
110 2# - MAIN ENTRY--CORPORATE NAME
Date of meeting or treaty signing 1971)
9 (RLIN) 24102
245 14 - TITLE STATEMENT
Title The ministerial priesthood ; and, Justice in the world /
Statement of responsibility, etc Synod of Bishops,
260 ## - PUBLICATION, DISTRIBUTION, ETC. (IMPRINT)
Place of publication, distribution, etc Washington, D. C. :
Name of publisher, distributor, etc National Conference of Catholic Bishops :
Date of publication, distribution, etc c1971.
300 ## - PHYSICAL DESCRIPTION
Extent 52 p. ;
650 #0 - SUBJECT ADDED ENTRY--TOPICAL TERM
Topical term or geographic name as entry element Synod of Bishops
9 (RLIN) 24103
942 ## - ADDED ENTRY ELEMENTS (KOHA)
Source of classification or shelving scheme Library of Congress Classification
Koha item type Monograph ( Printed materials)
Holdings
Withdrawn status Lost status Source of classification or shelving scheme Damaged status Not for loan Collection code Home library Current library Shelving location Date acquired Total Checkouts Full call number Barcode Date last seen Price effective from Koha item type
    Library of Congress Classification     Main Collection ARRUPE LIBRARY ARRUPE LIBRARY Main Collection 27/04/2016   BX839 1971 M665 46500006469 22/11/2017 27/04/2016 Monograph ( Printed materials)

 

Arrupe Library. PO Box MP320 Mt Pleasant, Harare, Zimbabwe
263 242 745411|librarian@aju.ac.zw